| 000 | 00737nam a2200229 i 4500 | ||
|---|---|---|---|
| 001 | 39680 | ||
| 003 | ES-MaACL | ||
| 005 | 20250811052458.0 | ||
| 007 | t| | ||
| 008 | 030304s1930 sp ||||1| spa d | ||
| 100 | 1 |
_aCánovas Cervantes, S. _934598 |
|
| 245 | 1 | 4 |
_aLas Cortes de Cádiz : _b(Constitución de 1812) / _cS. Cánovas Cervantes. |
| 246 | 3 | _aConstitución de 1812 | |
| 260 |
_aMadrid : _bEd. del Norte, _c1930. |
||
| 300 |
_a126 p. : _bil. ; _c19 cm. |
||
| 490 | 1 | _aEpisodios políticos del siglo XIX | |
| 610 | 1 | 4 |
_aEspaña. _bCortes de Cádiz _93663 |
| 630 | 0 |
_aConstitución, 1812. _9169452 |
|
| 830 | 1 |
_aEpisodios políticos del siglo XIX _9181810 |
|
| 852 | 4 |
_aES-MaACL _jA-929 |
|
| 999 |
_c39680 _d39680 |
||